000 00414cam a2200169ua 4500
001 20323
008 140719n II |||gr||||Z||||||asm
040 _aMAIN
041 _aEnglish
082 _a BOR
100 _aBORMUDAI, DR. ANANDA.
245 _aSAHITYA SAMALUCHANA : PRASANGA ASOMIYA SAHITYA
250 _a1ST.
260 _aGUWAHATI:
_bASOM PUBLISHING CO.,
_c2013.
300 _a138:
_c20CM.
942 _cBK
999 _c20185
_d20185